000
00203 a2200097 4500
001
24220
100
_a
Fraser, R.R
245
_a
General metal
260
_a
_b
Prentice Hall
_c
1962
090
_c
16410
_d
16410
942
_a
NUST-CAE
_c
M
_c
7126
999
_c
259293
_d
259293